000 00542nam a22001937a 4500
003 KOHA_MİRAKIL
005 20250409155334.0
008 250409b tu ||||| |||| 00| 0 tur d
020 _a9786053755975
040 _aTR-AnABB
_btur
_cTR-AnABB
041 _atur
082 _a813.42
_bTOP 2016
100 1 _aTopal, Tezcan,
245 1 0 _aNoterler hep ikinci kattadır /
_cTezcan Yopal
260 _aİstanbul :
_bİthaki Yayınları,
_c2016
300 _a147 sayfa ;
_c22 cm
650 0 4 _aTürk edebiyatı, roman
942 _2ddc
_cBK
999 _c8616
_d8616
900 _bGizem YORULMAZ